000 00670nam a2200229 a 4500
001 64893
003 BD-RjUL
005 20211209081351.0
008 170223s1972 ii a 000 0 eng
035 _a(BD-RjUL)65023
040 _aDLC
_cDLC
_dBD-RjUL
_beng
041 _aeng
082 0 0 _a320.9549205
_223
_bCHB 1972
100 1 _aChatterjee, Sisir.
_9192359
245 1 0 _aBangladesh :
_bthe birth of a nation /
_cSisir Chatterjee
260 _aCalcutta :
_bThe Book Exchange,
_c1972.
300 _axii, 191 p. :
_bill. ;
_c22 cm.
350 _aRs15.00
651 0 _aBangladesh
_xPolitics and government
_y1971-
_9171822
942 _2ddc
_cBK
999 _c64893
_d64893